Investigation of antioxidant properties of metal ascorbates and their mixtures by voltammetry; IOP Conference Series: Materials Science and Engineering; Vol. 81 : Radiation-Thermal Effects and Processes in Inorganic Materials
| Parent link: | IOP Conference Series: Materials Science and Engineering Vol. 81 : Radiation-Thermal Effects and Processes in Inorganic Materials.— 2015.— [012091, 6 p.] |
|---|---|
| 1. Verfasser: | |
| Körperschaft: | |
| Weitere Verfasser: | |
| Zusammenfassung: | Title screen The paper describes modern ways for selection of anti-radical substances. Molding of such components with a carbon-based material decreases the rate of its oxidative destruction. Addition of such a component to a carbon-based material decreases the rate of its oxidative destruction. The purpose of this study is to determine the antioxidant activity of ascorbates metals (Ca, Mg, Li, Co, Fe), used in the practice of medicine, as well as mixtures based on them together with well-known antioxidants. In this article we examine the effect of metals on the process of ascorbate oxygen electroreduction. From these ascorbates lithium and magnesium ascorbate showed the greatest activity toward cathode oxygen reduction process. Also mixtures with well-known examined antioxidants ascorbate (glucose, dihydroquercetin) were investigated at different concentrations of components. It is shown that the multicomponent mixtures exhibit lower activity than the individual drugs. Recommended the creation of drugs on the basis of ascorbate Mg and Li with not more than 3 number of components. Режим доступа: по договору с организацией-держателем ресурса |
| Sprache: | Englisch |
| Veröffentlicht: |
2015
|
| Schlagworte: | |
| Online-Zugang: | http://dx.doi.org/10.1088/1757-899X/81/1/012091 http://earchive.tpu.ru/handle/11683/14734 |
| Format: | MixedMaterials Elektronisch Buchkapitel |
| KOHA link: | https://koha.lib.tpu.ru/cgi-bin/koha/opac-detail.pl?biblionumber=643019 |
MARC
| LEADER | 00000nla2a2200000 4500 | ||
|---|---|---|---|
| 001 | 643019 | ||
| 005 | 20240122140455.0 | ||
| 035 | |a (RuTPU)RU\TPU\network\8007 | ||
| 035 | |a RU\TPU\network\8000 | ||
| 090 | |a 643019 | ||
| 100 | |a 20150827a2015 k y0engy50 ba | ||
| 101 | 0 | |a eng | |
| 102 | |a GB | ||
| 105 | |a y z 100zy | ||
| 135 | |a drgn ---uucaa | ||
| 181 | 0 | |a i | |
| 182 | 0 | |a b | |
| 200 | 1 | |a Investigation of antioxidant properties of metal ascorbates and their mixtures by voltammetry |f A. N. Vtorushina, E. D. Nikonova | |
| 203 | |a Text |c electronic | ||
| 300 | |a Title screen | ||
| 320 | |a [References: 15 tit.] | ||
| 330 | |a The paper describes modern ways for selection of anti-radical substances. Molding of such components with a carbon-based material decreases the rate of its oxidative destruction. Addition of such a component to a carbon-based material decreases the rate of its oxidative destruction. The purpose of this study is to determine the antioxidant activity of ascorbates metals (Ca, Mg, Li, Co, Fe), used in the practice of medicine, as well as mixtures based on them together with well-known antioxidants. In this article we examine the effect of metals on the process of ascorbate oxygen electroreduction. From these ascorbates lithium and magnesium ascorbate showed the greatest activity toward cathode oxygen reduction process. Also mixtures with well-known examined antioxidants ascorbate (glucose, dihydroquercetin) were investigated at different concentrations of components. It is shown that the multicomponent mixtures exhibit lower activity than the individual drugs. Recommended the creation of drugs on the basis of ascorbate Mg and Li with not more than 3 number of components. | ||
| 333 | |a Режим доступа: по договору с организацией-держателем ресурса | ||
| 337 | |a Adobe Reader | ||
| 461 | 1 | |0 (RuTPU)RU\TPU\network\2008 |t IOP Conference Series: Materials Science and Engineering | |
| 463 | 1 | |0 (RuTPU)RU\TPU\network\7891 |t Vol. 81 : Radiation-Thermal Effects and Processes in Inorganic Materials |o International Scientific Conference, 3-8 November 2014, Tomsk, Russia |o [proceedings] |v [012091, 6 p.] |d 2015 | |
| 610 | 1 | |a электронный ресурс | |
| 610 | 1 | |a труды учёных ТПУ | |
| 610 | 1 | |a антиоксидантные свойства | |
| 610 | 1 | |a аскорбаты | |
| 610 | 1 | |a вольтамперометрия | |
| 610 | 1 | |a металлы | |
| 610 | 1 | |a антиоксиданты | |
| 700 | 1 | |a Vtorushina |b A. N. |c Specialist in the field of ecology and life safety |c Associate Professor of Tomsk Polytechnic University, Candidate of technical sciences |f 1981- |g Anna Nikolaevna |3 (RuTPU)RU\TPU\pers\32462 |9 16411 | |
| 701 | 1 | |a Nikonova |b E. D. | |
| 712 | 0 | 2 | |a Национальный исследовательский Томский политехнический университет (ТПУ) |b Институт неразрушающего контроля (ИНК) |b Кафедра экологии и безопасности жизнедеятельности (ЭБЖ) |3 (RuTPU)RU\TPU\col\18720 |
| 801 | 2 | |a RU |b 63413507 |c 20161212 |g RCR | |
| 856 | 4 | |u http://dx.doi.org/10.1088/1757-899X/81/1/012091 | |
| 856 | 4 | |u http://earchive.tpu.ru/handle/11683/14734 | |
| 942 | |c CF | ||